Perintah-perintah Am dan Arahan Pentadbiran : (hingga 10 Februari 2001)

Bibliographic Details
Corporate Authors: Malaysia, Lembaga Penyelidikan Undang-undang
Format: Book
Language:Malay
Published: Kuala Lumpur : Internatioanal Law Book Services 2001
Series:Undang-Undang Malaysia
Subjects:

MARC

LEADER 00000cam a2200000 7i4500
001 0000009714
005 20241004.0
008 011024 my may
020 |a 9678909952 (pbk) 
040 |a INS   |b eng   |e rda 
090 0 0 |a JQ716   |b M236 2001 
110 1 |a Malaysia 
245 1 0 |a Perintah-perintah Am dan Arahan Pentadbiran :   |b (hingga 10 Februari 2001)   |c disusun oleh Lembaga Penyelidikan Undang-Undang 
264 1 |a Kuala Lumpur :   |b Internatioanal Law Book Services   |c 2001 
300 |a 672 pages ;   |c 24 cm. 
336 |a text  |2 rdacontent 
337 |a unmediated  |2 rdamedia 
338 |a volume  |2 rdacarrier 
490 0 |a Undang-Undang Malaysia 
650 0 |a Administrative agencies   |z Malaysia   |x Rules and practice 
650 0 |a Administrative procedure   |z Malaysia 
650 0 |a Civil service   |z Malaysia   |x Ethics 
710 2 |a Lembaga Penyelidikan Undang-undang 
999 |a 0000008278   |b BOOK   |c Open Shelf   |e Default branch 
999 |a 0000008279   |b BOOK   |c Open Shelf   |e Default branch 
999 |a 0000008280   |b BOOK   |c Open Shelf   |e Default branch 
999 |a 0000008865   |b BOOK   |c Open Shelf   |e Default branch 
999 |a 0000008998   |b BOOK   |c Open Shelf   |e Default branch 
999 |a 0000008999   |b BOOK   |c Open Shelf   |e Default branch